BUBT Library Online Catalog

Exploring the language of poems, plays, and prose / (Record no. 6924)

000 -LEADER
fixed length control field 00707nam a22002177a 4500
003 - CONTROL NUMBER IDENTIFIER
control field BUBTL
008 - FIXED-LENGTH DATA ELEMENTS--GENERAL INFORMATION
fixed length control field 230116b ||||| |||| 00| 0 eng d
020 ## - INTERNATIONAL STANDARD BOOK NUMBER
International Standard Book Number 9780582291300
082 ## - DEWEY DECIMAL CLASSIFICATION NUMBER
Classification number 808/ Sh811e/ 1969
100 ## - MAIN ENTRY--PERSONAL NAME
9 (RLIN) 5172
Personal name Short, Mike
245 ## - TITLE STATEMENT
Title Exploring the language of poems, plays, and prose /
Statement of responsibility, etc. Mike Short
250 ## - EDITION STATEMENT
Edition statement 1st Edn
260 ## - PUBLICATION, DISTRIBUTION, ETC. (IMPRINT)
Place of publication, distribution, etc. London:
Name of publisher, distributor, etc. Routledge Taylor & Francis Group,
Date of publication, distribution, etc. c1996
300 ## - PHYSICAL DESCRIPTION
Extent xvi, 399 p.:
Dimensions 22 cm
500 ## - GENERAL NOTE
General note Includes Index
505 ## - FORMATTED CONTENTS NOTE
Formatted contents note Exploring the language of poems, plays, and prose, English language, English, Mike Short
650 #0 - SUBJECT ADDED ENTRY--TOPICAL TERM
9 (RLIN) 194
Topical term or geographic name as entry element English Language
856 ## - ELECTRONIC LOCATION AND ACCESS
Password 0
Logon 0
Link text Download
942 ## - ADDED ENTRY ELEMENTS (KOHA)
Source of classification or shelving scheme
Koha item type Books
Holdings
Withdrawn status Lost status Source of classification or shelving scheme Damaged status Not for loan Collection code Permanent location Current location Shelving location Date acquired Source of acquisition Inventory number Total Checkouts Full call number Barcode Date last seen Copy number Price effective from Koha item type
        Not For Loan Fiction Bangladesh University of Business and Technology Library Bangladesh University of Business and Technology Library English Literature Stacks 11/03/2022 Purchase 28849   808/ Sh811e/ 1969 BUBTL-200328849 01/17/2023 C-1 01/17/2023 Books

More Information About Library

Library Hours

  • Open: 9.00 am. to 9.00 pm.
  • Only Sunday: 9.00 am. to 6.00 pm.
  • Closed: Holiday

Contact to the University

Bangladesh University of Business and Technology Library

  • Mirpurl-2, 1216.
  • Phone:
  • Fax:
  • E-Mail: admin.library@bubt.edu.bd

Contact to the Library

Contact Person:

Md. Abdul Hakim Shah
Joint Librarian
PABX No:  113
Cell No: 01816332931
E-mail: official: admin.library@bubt.edu.bd
Personal: hakim.shah@bubt.edu.bd


BUBT Library

Copyright © 2021